all types of emergercy - Statistics

General Stats
  • This quiz has been taken 5 times
  • The average score is 3 of 5
Answer Stats
types of emergecy % Correct
police
100%
docter
50%
firefider
50%
helper
50%
ambelince
0%
No matching quizzes found
Score Distribution
Percent of People with Each Score
Percentile by Number Answered
Your Score History
You have not taken this quiz